|
|
|
|
| LEADER |
00000nam a22000007a 4500 |
| 005 |
20220520220456.0 |
| 007 |
cr|||| |||| |
| 008 |
220520s2020 es |||||s|||| 00||0 spa d |
| 020 |
|
|
|a 978-84-1377-700-9
|
| 035 |
|
|
|a 35676
|
| 040 |
|
|
|a vLex
|
| 090 |
|
|
|c 13384
|d 13384
|
| 100 |
1 |
|
|a Fernǹdez ℓlvarez, Antn̤ Lois
|
| 245 |
1 |
0 |
|a Instituciones, empresa y desarrollo humano
|h [Recurso electrn̤ico] /
|c Antn̤ Lois Fernǹdez ℓlvarez, Gilvan Luiz Hansen
|
| 256 |
|
|
|a Servicio en ln̕ea
|
| 260 |
|
|
|a Madrid:
|b Dykinson,
|c 2020
|
| 300 |
|
|
|a 1 recurso electrn̤ico
|
| 506 |
1 |
|
|a Disponible solo en los productos indicados
|d vLex Global
|d vLex Global (Academic Edition, excluding Law Schools)
|d vLex Global (U.S. Academic Edition, Law Schools)
|d vLex Global (U.S. Academic Edition, excluding Law Schools)
|d vLex Global (Academic Edition, Law Schools)
|
| 650 |
0 |
4 |
|a Derecho Mercantil y de la Empresa
|z Espaą
|
| 650 |
0 |
4 |
|a Derecho Laboral y Seguridad Social
|z Espaą
|
| 650 |
0 |
4 |
|a Derecho Pb︢lico y Administrativo
|z Espaą
|
| 650 |
0 |
4 |
|a Derecho Militar
|z Espaą
|
| 700 |
1 |
|
|a Luiz Hansen, Gilvan
|
| 740 |
0 |
|
|a vLex Libros (Servicio en ln̕ea)
|
| 856 |
4 |
0 |
|u https://app.vlex.com/#/sources/35676
|z Acceso restringido
|
| 942 |
|
|
|c BOOK
|
| 999 |
0 |
|
|a Commercial and Company Law
|
| 999 |
0 |
|
|a Labor Law and Social Security
|
| 999 |
0 |
|
|a Public and Administrative Law
|
| 999 |
0 |
|
|a Military Law
|